000 00826nam a22002537a 4500
001 8401
003 FISKH
005 20250910145331.0
008 250910b cb ||||| |||| 00| 0 eng d
020 _a1856979407
040 _aFISKH
_beng
_cFISKH
_dFISKH
082 _a551.6
100 _aTaylor, Barbara
245 _aWeather and climate /
_cBy Barbara Taylor
250 _aFirst American Edition 1993
260 _aNew York :
_bKingfisher Books,
_c1992.
300 _a31 pages :
_bcolor illustrations ;
_c24 cm .
505 _aH
520 _aAn introduction to weather and climate, discussing world climates, seasons, violent weather, weather pollution, and the elements of changing weather.
521 8 _a450
_bLexile estimate
521 8 _aH
_bRaz-Plus
942 _2ddc
_cBK
_n0
999 _c8401
_d8401